[Event "3rd Al Ain Chess Classic"]
[Site "Al-Ain UAE"]
[Date "2014.12.20"]
[Round "2.6"]
[White "Hayrapetyan, Hovik"]
[Black "Sokolov, Ivan"]
[Result "1/2-1/2"]
[WhiteTitle "GM"]
[BlackTitle "GM"]
[WhiteElo "2441"]
[BlackElo "2645"]
[WhiteFideId "13302639"]
[BlackFideId "14400030"]
[EventDate "2014.12.19"]

1. d4 d5 2. c4 e6 3. Nc3 Nf6 4. cxd5 exd5 5. Bg5 c6 6. Qc2 Na6 7. e3 Nb4 8. Qd1
Bf5 9. Rc1 a5 10. a3 Na6 11. Qf3 Bg6 12. Bxf6 gxf6 13. h4 h5 14. Nh3 Nc7 15. Nf4
Bd6 16. g3 Qe7 17. Bh3 Kf8 18. O-O Re8 19. Rfd1 Kg7 20. Bf1 Rh6 21. Bd3 Ne6 22.
Kh2 Bxf4 23. gxf4 Bxd3 24. Rxd3 f5 25. Rg1+ Rg6 26. Rxg6+ fxg6 27. Kh3 Nf8 28.
Qd1 Nd7 29. Ne2 Nf6 30. Ng1 Ra8 31. Nf3 a4 32. Ne5 Ng4 33. Kg3 Kh6 34. f3 Nxe5
35. dxe5 Ra5 36. Qd2 Qc5 37. Rc3 Qb6 38. Kh3 Rb5 39. Qg2 Qd8 40. Rc1 Kh7 41. Rg1
Qe8 42. Qg5 Rb3 43. Re1 d4 44. exd4 Qe6 45. Kg3 Rxb2 46. Qd8 Qa2 1/2-1/2

[Event "3rd Al Ain Chess Classic"]
[Site "Al-Ain UAE"]
[Date "2014.12.20"]
[Round "2.7"]
[White "Shankland, Samuel L"]
[Black "Petrosyan, Manuel"]
[Result "1-0"]
[WhiteTitle "GM"]
[BlackTitle "FM"]
[WhiteElo "2642"]
[BlackElo "2407"]
[WhiteFideId "2004887"]
[BlackFideId "13300857"]
[EventDate "2014.12.19"]

1. e4 c5 2. Nf3 e6 3. d4 cxd4 4. Nxd4 a6 5. c4 Nf6 6. Nc3 Qc7 7. Be2 Bb4 8. f3
O-O 9. O-O b6 10. Nc2 Be7 11. Be3 d6 12. Qd2 Bb7 13. Rfd1 Nbd7 14. Rac1 Rac8 15.
Bf2 Rfe8 16. Ne3 Bf8 17. b3 Qb8 18. Bg3 Ne5 19. Kh1 Nh5 20. Bf2 Nd7 21. Ng4 h6
22. Bd4 Be7 23. Bf1 Bc6 24. a4 Nhf6 25. Nxf6+ Nxf6 26. b4 Nd7 27. Rb1 Qc7 28. a5
bxa5 29. b5 Bb7 30. b6 Qc6 31. Qa2 Ne5 32. c5 Ng6 33. Nb5 dxc5 34. Na7 cxd4 35.
Nxc6 Rxc6 36. Qxa5 Rd8 37. Bxa6 Rc5 38. Rb5 Rc2 39. Bxb7 Nh4 40. e5 Rxg2 41. Be4 1-0

[Event "3rd Al Ain Chess Classic"]
[Site "Al-Ain UAE"]
[Date "2014.12.20"]
[Round "2.8"]
[White "Gagare, Shardul"]
[Black "Lupulescu, Constantin"]
[Result "1-0"]
[WhiteTitle "IM"]
[BlackTitle "GM"]
[WhiteElo "2411"]
[BlackElo "2640"]
[WhiteFideId "5037883"]
[BlackFideId "1207822"]
[EventDate "2014.12.19"]

1. c4 Nf6 2. g3 c5 3. Bg2 d5 4. cxd5 Nxd5 5. Nc3 Nc7 6. Nf3 Nc6 7. O-O e5 8. a3
Rb8 9. Rb1 f6 10. d3 Be6 11. Be3 Qd7 12. Nd2 b6 13. Qa4 b5 14. Qc2 Rc8 15. Rfc1
Nd4 16. Qd1 Be7 17. a4 a6 18. Nce4 O-O 19. Nxc5 Bxc5 20. Rxc5 bxa4 21. Bxd4 Qxd4
22. Rbc1 Nb5 23. Rxc8 Bxc8 24. Nc4 Bg4 25. h3 Bh5 26. g4 Be8 27. Qxa4 f5 28. e3
Qxd3 29. Nxe5 Qd8 30. Qxa6 Qe7 31. Bd5+ Kh8 32. Qe6 Qb4 33. Rc8 fxg4 34. Nd3 Qd2
35. Qxe8 Qd1+ 36. Kh2 g3+ 37. Kxg3 1-0

[Event "3rd Al Ain Chess Classic"]
[Site "Al-Ain UAE"]
[Date "2014.12.20"]
[Round "2.9"]
[White "Gupta, Abhijeet"]
[Black "Tologontegin, Semetey"]
[Result "1/2-1/2"]
[WhiteTitle "GM"]
[BlackTitle "FM"]
[WhiteElo "2632"]
[BlackElo "2391"]
[WhiteFideId "5010608"]
[BlackFideId "13800574"]
[EventDate "2014.12.19"]

1. d4 Nf6 2. c4 e6 3. g3 d5 4. Bg2 Bb4+ 5. Nd2 O-O 6. Nf3 c5 7. cxd5 cxd4 8.
Nxd4 Nxd5 9. O-O Nc6 10. Nxc6 bxc6 11. Nc4 Ba6 12. Qc2 Qc7 13. b3 Bc3 14. Rb1
Bf6 15. Bd2 Rac8 16. Rfd1 Rfd8 17. Rbc1 Qb8 18. Bf3 c5 19. Qb1 h6 20. Ba5 Nb6
21. Nd2 Be7 22. Bc3 Nd5 23. Bb2 Bf8 24. Nc4 Qb5 25. Ne5 Bb7 26. Bh5 Rc7 27. e4
Nf6 28. Rxd8 Bxe4 29. Qa1 Nxh5 30. Rc4 Qb7 31. Qd1 Nf6 32. Rxe4 Qxe4 33. Qd6
Qe1+ 34. Kg2 Qxf2+ 35. Kxf2 Ne4+ 36. Kf3 Nxd6 37. Ra8 Nc8 38. Ba3 f6 39. Nc4 Kf7
40. Rb8 Be7 41. Bc1 Nd6 42. Na5 e5 43. Be3 f5 44. a4 g5 45. Nc4 e4+ 46. Ke2 Nxc4
47. bxc4 Rc6 48. Rb7 a6 49. Rb8 Ke6 50. a5 Kd7 51. Rb7+ Ke8 52. Rb8+ Bd8 53. h4
Kd7 54. Rb7+ Bc7 55. hxg5 hxg5 56. Bxg5 Kc8 57. Rb1 Rg6 58. Bf4 Bxa5 59. Rb8+
Kd7 60. Rf8 Ke6 61. Ra8 Kf7 62. Ra7+ Ke8 63. Ra8+ Kf7 64. Ra7+ Kg8 65. Ra8+ Kh7
66. Ra7+ Kg8 67. Ra8+ Kh7 68. Ra7+ Rg7 69. Rxa6 Bc3 70. Rh6+ Kg8 71. Rh5 Rf7 72.
Rg5+ Kh7 73. g4 fxg4 74. Rxg4 Bd4 75. Be3 Re7 76. Kd2 Re8 77. Ke2 Re6 78. Kd2
Kh8 1/2-1/2

[Event "3rd Al Ain Chess Classic"]
[Site "Al-Ain UAE"]
[Date "2014.12.20"]
[Round "2.10"]
[White "Vidit, Santosh Gujrathi"]
[Black "Abdyjapar, Asyl"]
[Result "1-0"]
[WhiteTitle "GM"]
[BlackTitle "IM"]
[WhiteElo "2625"]
[BlackElo "2385"]
[WhiteFideId "5029465"]
[BlackFideId "13800337"]
[EventDate "2014.12.19"]

1. Nf3 Nf6 2. c4 e6 3. d4 b6 4. Nc3 Bb4 5. e3 Bb7 6. Bd3 Ne4 7. O-O Bxc3 8. bxc3
Nxc3 9. Qc2 Bxf3 10. gxf3 Qg5+ 11. Kh1 Qh5 12. Rg1 Qxf3+ 13. Rg2 f5 14. Ba3 Ne4
15. Rf1 Nc6 16. d5 Ne5 17. Be2 Qh3 18. dxe6 O-O-O 19. f3 Nf6 20. Bb2 d6 21. c5
Nd5 22. Qb3 Ne7 23. cxd6 cxd6 24. Bxe5 dxe5 25. Qa3 1-0

[Event "3rd Al Ain Chess Classic"]
[Site "Al-Ain UAE"]
[Date "2014.12.20"]
[Round "2.11"]
[White "Karavade, Eesha"]
[Black "Oleksienko, Mikhailo"]
[Result "0-1"]
[WhiteTitle "IM"]
[BlackTitle "GM"]
[WhiteElo "2392"]
[BlackElo "2621"]
[WhiteFideId "5012600"]
[BlackFideId "4152417"]
[EventDate "2014.12.19"]

1. d4 f5 2. g3 Nf6 3. Bg2 g6 4. Nf3 Bg7 5. O-O O-O 6. b3 d6 7. Bb2 c6 8. c4 a5
9. Nc3 Na6 10. Qd2 Qc7 11. d5 Nc5 12. Nd4 Bd7 13. Rab1 Rad8 14. Rfe1 e5 15. dxe6
Nxe6 16. Nxe6 Bxe6 17. e4 f4 18. gxf4 Nh5 19. Ne2 a4 20. f5 gxf5 21. Qg5 Qf7 22.
Bf3 Qg6 23. Qxg6 hxg6 24. Bxh5 gxh5 25. Nf4 Bc8 26. Bxg7 Kxg7 27. Nxh5+ Kh6 28.
Ng3 f4 29. Nf5+ Bxf5 30. exf5 a3 31. Rbd1 Kg5 32. Re6 d5 33. cxd5 Kxf5 34. Re7
Rxd5 35. Rxd5+ cxd5 36. Kg2 Rc8 37. Rxb7 Ke4 38. Re7+ Kd3 39. Ra7 d4 40. Kf3 Kc2
41. Rxa3 d3 42. Ra4 d2 43. Rd4 Rc3+ 44. Ke4 f3 0-1

[Event "3rd Al Ain Chess Classic"]
[Site "Al-Ain UAE"]
[Date "2014.12.20"]
[Round "2.12"]
[White "Miroshnichenko, Evgenij"]
[Black "Nakhbayeva, Guliskhan"]
[Result "1-0"]
[WhiteTitle "GM"]
[BlackTitle "WGM"]
[WhiteElo "2618"]
[BlackElo "2378"]
[WhiteFideId "14102595"]
[BlackFideId "13704788"]
[EventDate "2014.12.19"]

1. c4 e6 2. Nf3 Nf6 3. g3 d5 4. b3 Be7 5. Bg2 O-O 6. O-O b6 7. Bb2 Bb7 8. e3 c5
9. Nc3 Nc6 10. cxd5 Nxd5 11. Nxd5 Qxd5 12. d4 Rad8 13. Ne5 Qd6 14. dxc5 Qxc5 15.
Nd7 Qf5 16. e4 Qg5 17. h4 Qh6 18. Bc1 g5 19. hxg5 Qg7 20. e5 Kh8 21. Bf4 Bxg5
22. Bxg5 Qxg5 23. Nxf8 Rxd1 24. Raxd1 Na5 25. Bxb7 Nxb7 26. Rd7 Kg8 27. Nxh7
Qxe5 28. Rxb7 a5 29. Rd1 Kxh7 30. Rxf7+ Kg6 31. Rfd7 b5 32. R7d3 b4 33. Re3 Qb2
34. Rxe6+ Kf5 35. Rde1 Qxa2 36. R1e5+ Kg4 37. Rg6+ Kf3 38. Re3# 1-0

[Event "3rd Al Ain Chess Classic"]
[Site "Al-Ain UAE"]
[Date "2014.12.20"]
[Round "2.13"]
[White "Lazarev, Vladimir"]
[Black "Pashikian, Arman"]
[Result "0-1"]
[WhiteTitle "GM"]
[BlackTitle "GM"]
[WhiteElo "2387"]
[BlackElo "2617"]
[WhiteFideId "4113250"]
[BlackFideId "13301578"]
[EventDate "2014.12.19"]

1. d4 d5 2. c4 e6 3. Nf3 Nf6 4. Bg5 h6 5. Bxf6 Qxf6 6. Nbd2 Be7 7. Qb3 O-O 8. e3
Rd8 9. Be2 c5 10. dxc5 Nd7 11. O-O Nxc5 12. Qc2 dxc4 13. Nxc4 Bd7 14. Nce5 Be8
15. Rac1 Bf8 16. Rfd1 Rxd1+ 17. Rxd1 Rd8 18. h3 Qe7 19. Rd4 g6 20. Nd3 Nxd3 21.
Rxd8 Qxd8 22. Bxd3 Bg7 23. Be4 b6 24. b3 Kf8 25. a4 Ke7 26. h4 Qd6 27. Nd2 Bd7
28. g3 Qb4 29. Bd3 Qc3 30. Kf1 Bc6 31. Ke2 f5 32. Nc4 g5 33. hxg5 hxg5 34. Qxc3
Bxc3 35. f3 Kf6 36. e4 Be5 37. exf5 exf5 38. g4 fxg4 39. fxg4 Bf4 40. Bf5 Bd5
41. Kd3 Bf3 42. b4 Bc6 43. b5 Bf3 44. a5 bxa5 45. Nxa5 Bc7 46. Nc4 Bb6 47. Bc8
Bd1 48. Kc3 Bc5 49. Nb2 Be2 50. Nc4 Bf3 51. Bf5 Bd5 52. Kd3 Bf7 53. Bd7 Bg6+ 54.
Kc3 Bh7 55. Bc8 Be4 56. Bd7 Bg6 57. Bc6 Bf7 58. Bf3 Be6 59. Kb3 Ke7 60. Be2 Bd5
61. Bd3 Kf6 62. Kc3 Be6 63. Be2 Bd7 64. Nb2 Bb6 65. Kb4 Ke5 66. Nc4+ Kf4 67.
Nxb6 axb6 68. Kc4 Bxg4 69. Bxg4 Kxg4 70. Kd5 Kh3 71. Kc6 g4 72. Kxb6 g3 73. Kc7
g2 74. b6 g1=Q 75. b7 Qc5+ 76. Kd8 Qb6+ 77. Kc8 Qc6+ 0-1

[Event "3rd Al Ain Chess Classic"]
[Site "Al-Ain UAE"]
[Date "2014.12.20"]
[Round "2.14"]
[White "Onischuk, Vladimir"]
[Black "Abdulov, Orkhan"]
[Result "1-0"]
[WhiteTitle "GM"]
[BlackTitle "IM"]
[WhiteElo "2614"]
[BlackElo "2350"]
[WhiteFideId "14114038"]
[BlackFideId "13402714"]
[EventDate "2014.12.19"]

1. e4 e5 2. Nf3 Nc6 3. Bc4 Nf6 4. d3 Be7 5. Bb3 O-O 6. Nbd2 d5 7. O-O Bg4 8. c3
dxe4 9. dxe4 Bc5 10. h3 Bh5 11. Re1 Qd7 12. Qe2 g5 13. Nc4 b5 14. Rd1 Qe8 15.
Ne3 g4 16. hxg4 Nxg4 17. Nxg4 Bxg4 18. Qd2 Be7 19. Qh6 Bxf3 20. Rd3 Bxe4 21.
Rg3+ Bg6 22. Rxg6+ hxg6 23. Qxg6+ Kh8 24. Qh5+ Kg8 25. Bh6 1-0

[Event "3rd Al Ain Chess Classic"]
[Site "Al-Ain UAE"]
[Date "2014.12.20"]
[Round "2.15"]
[White "Khademalsharieh, Sarasadat"]
[Black "Iordachescu, Viorel"]
[Result "1-0"]
[WhiteTitle "WGM"]
[BlackTitle "GM"]
[WhiteElo "2378"]
[BlackElo "2611"]
[WhiteFideId "12512214"]
[BlackFideId "13900200"]
[EventDate "2014.12.19"]

1. d4 Nf6 2. Nf3 g6 3. c4 Bg7 4. g3 O-O 5. Bg2 d6 6. O-O c6 7. Nc3 Qa5 8. e4 e5
9. d5 cxd5 10. cxd5 b5 11. Re1 b4 12. Nb1 Nbd7 13. Nbd2 Qc7 14. a3 Nc5 15. Qc2
bxa3 16. b4 Na6 17. Qxc7 Nxc7 18. Bxa3 Bd7 19. Bf1 Nb5 20. Bb2 Rfc8 21. Bd3 Ne8
22. Nc4 f5 23. Nfd2 Rab8 24. f3 Rc7 25. Na5 Bh6 26. Ndc4 fxe4 27. fxe4 Nd4 28.
Bxd4 exd4 29. e5 dxe5 30. d6 Nxd6 31. Nxd6 Be3+ 32. Kg2 Rxb4 33. Reb1 Bd2 34.
Ndc4 Rxb1 35. Rxb1 Bxa5 36. Nxa5 Bf5 37. Rb8+ Kg7 38. Bc4 d3 39. Kf2 d2 40. Be2 1-0

[Event "3rd Al Ain Chess Classic"]
[Site "Al-Ain UAE"]
[Date "2014.12.20"]
[Round "2.16"]
[White "Mammadova, Gulnar"]
[Black "Volkov, Sergey"]
[Result "1/2-1/2"]
[WhiteTitle "WGM"]
[BlackTitle "GM"]
[WhiteElo "2354"]
[BlackElo "2599"]
[WhiteFideId "13403508"]
[BlackFideId "4122763"]
[EventDate "2014.12.19"]

1. e4 e6 2. d4 d5 3. Nc3 Nf6 4. Bg5 Bb4 5. exd5 Qxd5 6. Bxf6 Bxc3+ 7. bxc3 gxf6
8. Qd2 Qa5 9. Bd3 Bd7 10. Ne2 Bc6 11. Nf4 Nd7 12. c4 Qxd2+ 13. Kxd2 e5 14. d5
exf4 15. dxc6 bxc6 16. Rhe1+ Ne5 17. Re4 Rg8 18. Rxf4 Rxg2 19. Rxf6 O-O-O 20.
Kc3 Rd6 21. Rf5 f6 22. h4 Rh2 23. h5 Kd7 24. c5 Rd5 25. Rxf6 Rxh5 26. Rg1 Ke7
27. Rf4 Rxc5+ 28. Kd2 Nxd3 29. cxd3 Rcg5 30. Rc1 Rg6 31. a4 Rd5 32. Re1+ Kd6 33.
Rf7 h5 34. Rh7 Rf6 35. Ree7 Kc5 36. Rxc7 a5 37. Rcf7 Rfd6 38. Kc2 Kb4 39. Rf4+
Ka3 40. d4 c5 41. Rh4 cxd4 42. Kd3 Kxa4 43. R7xh5 Kb4 44. Rh8 a4 45. Rh1 Rd8 46.
R8h7 R5d7 47. Rb1+ Ka5 48. Rh5+ Rd5 49. Rh7 Rb5 50. Ra7+ Kb6 51. Rxb5+ Kxb5 52.
f4 Rd5 53. Rb7+ Kc5 54. Ra7 Kb4 55. Rb7+ Rb5 56. Rxb5+ Kxb5 57. Kxd4 Kb4 58. Kd3
Kb3 59. f5 a3 60. f6 a2 61. f7 a1=Q 62. f8=Q Qd1+ 63. Ke4 Qe2+ 64. Kd5 Qc4+ 65.
Ke5 Qc3+ 66. Ke6 Qc4+ 67. Ke5 1/2-1/2

[Event "3rd Al Ain Chess Classic"]
[Site "Al-Ain UAE"]
[Date "2014.12.20"]
[Round "2.17"]
[White "Gopal, G.N."]
[Black "Mosadeghpour, Masoud"]
[Result "1-0"]
[WhiteTitle "GM"]
[WhiteElo "2580"]
[BlackElo "2337"]
[WhiteFideId "5015693"]
[BlackFideId "12519278"]
[EventDate "2014.12.19"]

1. e4 e5 2. Nf3 Nf6 3. Nxe5 d6 4. Nf3 Nxe4 5. Nc3 Nxc3 6. dxc3 Be7 7. Be3 O-O 8.
Qd2 c5 9. O-O-O Be6 10. a3 Nd7 11. h4 Ne5 12. Ng5 Bf5 13. f3 b5 14. g4 Be6 15.
Bf4 c4 16. Qe2 Qb8 17. Bg2 a5 18. Bd2 Bd5 19. f4 Bxg2 20. Qxg2 b4 21. cxb4 axb4
22. Bxb4 Ng6 23. Qd5 Nxf4 24. Qf5 Ng6 25. h5 h6 26. Nf3 Ne5 27. Nxe5 Bg5+ 28.
Kb1 dxe5 29. Bxf8 Qxf8 30. Rh3 Qc5 31. Ka2 Rb8 32. Qe4 Bf6 33. Rc3 Qb5 34. b3
Qa5 35. Rxc4 Be7 36. a4 Bf6 37. Rd7 Qb6 38. Rdc7 1-0

[Event "3rd Al Ain Chess Classic"]
[Site "Al-Ain UAE"]
[Date "2014.12.20"]
[Round "2.18"]
[White "Morchiashvili, Bachana"]
[Black "Parligras, Mircea-Emilian"]
[Result "1/2-1/2"]
[WhiteTitle "IM"]
[BlackTitle "GM"]
[WhiteElo "2337"]
[BlackElo "2580"]
[WhiteFideId "13602535"]
[BlackFideId "1204297"]
[EventDate "2014.12.19"]

1. d4 Nf6 2. c4 e6 3. Nf3 b6 4. g3 Bb4+ 5. Bd2 Bxd2+ 6. Qxd2 Ba6 7. b3 c6 8. Bg2
d5 9. Nc3 O-O 10. Ne5 Nfd7 11. Nxd7 Nxd7 12. cxd5 cxd5 13. O-O Rc8 14. Rfc1 Nf6
15. e3 Qd6 16. Na4 Ne4 17. Qb2 h6 18. a3 Qd7 19. Bf3 Bd3 20. Nc3 Qe7 21. Bg2 Nd6
22. Bf1 Bxf1 23. Kxf1 Qf6 24. Kg2 Qg6 25. Qe2 Rfd8 26. a4 Qf6 27. Qa6 Qe7 28.
Nb5 Rxc1 29. Rxc1 Nxb5 30. Qxb5 g5 31. h3 Kg7 32. Rc3 Rd7 33. Qc6 Qb4 34. Rc1
Qa3 35. Qxd7 Qxc1 36. Qxa7 Qc2 37. Qxb6 Qe4+ 38. Kh2 Qc2 39. Kg2 1/2-1/2

[Event "3rd Al Ain Chess Classic"]
[Site "Al-Ain UAE"]
[Date "2014.12.20"]
[Round "2.19"]
[White "Ter-Sahakyan, Samvel"]
[Black "Firouzja, Alireza"]
[Result "1-0"]
[WhiteTitle "GM"]
[WhiteElo "2580"]
[BlackElo "2332"]
[WhiteFideId "13302531"]
[BlackFideId "12573981"]
[EventDate "2014.12.19"]

1. e4 c5 2. Nf3 d6 3. d4 cxd4 4. Nxd4 Nf6 5. Nc3 a6 6. h3 e6 7. g4 d5 8. exd5
Nxd5 9. Nde2 Bb4 10. Bg2 O-O 11. O-O Bxc3 12. Nxc3 Nxc3 13. bxc3 Qa5 14. Qd6 Nc6
15. Qa3 Qc7 16. Qc5 Bd7 17. Rd1 Rfc8 18. Rb1 b5 19. c4 bxc4 20. Qxc4 Rab8 21.
Rb3 Be8 22. Be3 Rd8 23. Rdb1 Rxb3 24. cxb3 a5 25. Rc1 Rc8 26. Qc5 Bd7 27. Rc4
Qb8 28. Qa3 h6 29. Rc5 Nb4 30. Rxc8+ Qxc8 31. Qxa5 Nd5 32. Bd2 Bc6 33. Qc5 Qa8
34. a4 Bb7 35. a5 Nf6 36. Bxb7 Qxb7 37. Qe3 Qb5 38. b4 Nd5 39. Qe4 Qa4 40. Qb1
Qb5 41. Qf1 Qb7 42. b5 Nc7 43. b6 Na6 44. Qg2 Qb8 45. Qc6 Qe5 46. Qc8+ 1-0

[Event "3rd Al Ain Chess Classic"]
[Site "Al-Ain UAE"]
[Date "2014.12.20"]
[Round "2.20"]
[White "Abdumalik, Zhansaya"]
[Black "Kovchan, Alexander"]
[Result "1/2-1/2"]
[WhiteTitle "WGM"]
[BlackTitle "GM"]
[WhiteElo "2332"]
[BlackElo "2569"]
[WhiteFideId "13703544"]
[BlackFideId "14103052"]
[EventDate "2014.12.19"]

1. e4 d5 2. exd5 Qxd5 3. Nc3 Qd6 4. d4 g6 5. Nf3 Bg7 6. Nb5 Qb6 7. Na3 c6 8. Nc4
Qc7 9. g3 Be6 10. Qe2 Nf6 11. Bg2 O-O 12. O-O Nbd7 13. a4 Rad8 14. c3 Rfe8 15.
Ne3 h6 16. Nh4 Nf8 17. f4 Bc8 18. Qc4 e6 19. b4 Nd5 20. Nc2 a5 21. Nf3 axb4 22.
cxb4 b5 23. axb5 cxb5 24. Qxc7 Nxc7 25. Ne5 Nd5 26. Bd2 f6 27. Nc6 Rd6 28. Na7
Bd7 29. Ra5 Nc7 30. Be3 f5 31. Rd1 Nd5 32. Bf2 Rb8 33. Bf3 Bf6 34. Rda1 Bd8 35.
Ra6 Rxa6 36. Rxa6 Rb6 37. Ra1 Nh7 38. Ne1 Rb7 39. Nd3 Bb6 40. Bxd5 exd5 41. Nc5
Rxa7 42. Rxa7 Bxa7 43. Nxd7 Kg7 44. Ne5 Nf6 45. Nc6 Bb6 46. Ne7 Bc7 47. Nc6 Bd6
48. Na7 Bxb4 49. Nxb5 g5 50. fxg5 hxg5 51. h4 gxh4 52. gxh4 f4 53. Kg2 Kg6 54.
Kf3 Kf5 55. Bg1 Ne4 56. Nc7 Nd2+ 57. Ke2 Ke4 58. Ne6 f3+ 59. Kf2 Be7 60. Kg3 Kf5
61. Ng7+ Kg6 62. Ne6 Kf5 63. Ng7+ Kg6 64. Ne6 Kf5 65. Ng7+ 1/2-1/2

[Event "3rd Al Ain Chess Classic"]
[Site "Al-Ain UAE"]
[Date "2014.12.20"]
[Round "2.21"]
[White "Sengupta, Deep"]
[Black "Vijayalakshmi, Subbaraman"]
[Result "1/2-1/2"]
[WhiteTitle "GM"]
[BlackTitle "IM"]
[WhiteElo "2566"]
[BlackElo "2329"]
[WhiteFideId "5008352"]
[BlackFideId "5004098"]
[EventDate "2014.12.19"]

1. e4 c5 2. Nf3 Nc6 3. Bb5 e5 4. O-O Bd6 5. c3 Nge7 6. d4 cxd4 7. cxd4 exd4 8.
Nxd4 a6 9. Be2 O-O 10. Nc3 Bc7 11. Bg5 h6 12. Bh4 g5 13. Bg3 Bxg3 14. hxg3 d5
15. exd5 Nxd5 16. Nxc6 bxc6 17. Nxd5 cxd5 18. Qd4 Rb8 19. Rfd1 Rb6 20. Rac1 Be6
21. Rc5 Rd6 22. b4 Qe7 23. Ra5 Bc8 24. Bf3 Rfd8 25. Rc1 Qf8 26. Rcc5 Be6 27. Be2
Ra8 28. Bd3 Qd8 29. Bc2 Rb8 30. Rc3 Qf8 31. a3 Qg7 32. Qxg7+ Kxg7 33. Bd3 Rbb6
34. Kf1 Kf6 35. Rcc5 Ke5 36. Ke2 Kd4 37. Kd2 Bd7 38. Rc7 g4 39. Rac5 Be8 40. f4
gxf3 41. gxf3 Rf6 42. Be2 Bb5 43. Rc3 Bxe2 44. Kxe2 Rb5 45. Rd3+ Ke5 46. Ra7 a5
47. bxa5 Rb2+ 48. Kd1 Rf2 49. Re7+ Kd6 50. Ree3 Kc5 51. Ke1 Rg2 52. g4 d4 53.
Re4 Rd6 54. a6 Rxa6 55. Rexd4 Rxa3 56. Rxa3 Kxd4 57. Kf1 Rd2 58. Kg1 Rb2 59. Ra5
Ke3 60. Rf5 Rf2 61. Rxf7 1/2-1/2

[Event "3rd Al Ain Chess Classic"]
[Site "Al-Ain UAE"]
[Date "2014.12.20"]
[Round "2.22"]
[White "Soumya, Swaminathan"]
[Black "Paichadze, Luka"]
[Result "0-1"]
[WhiteTitle "WGM"]
[BlackTitle "GM"]
[WhiteElo "2330"]
[BlackElo "2561"]
[WhiteFideId "5016193"]
[BlackFideId "13602934"]
[EventDate "2014.12.19"]

1. e4 c6 2. d4 d5 3. e5 Bf5 4. Nf3 e6 5. Be2 Be7 6. O-O Nh6 7. Nbd2 O-O 8. c4
Bg6 9. Nb3 Nd7 10. Bd2 dxc4 11. Na5 Qc8 12. Nxc4 Nb6 13. Nxb6 axb6 14. a4 Rd8
15. Qb3 Qc7 16. Be3 Rd5 17. Bc4 Rda5 18. Rfc1 Qd8 19. Qd1 Nf5 20. Bd2 R5a7 21.
Bc3 Bh5 22. Be2 Nh4 23. Nxh4 Bxe2 24. Qxe2 Bxh4 25. b3 Qd5 26. Rab1 Be7 27. Rd1
g6 28. g3 h5 29. h4 b5 30. axb5 cxb5 31. Qe1 Ra2 32. Bb4 Bxb4 33. Qxb4 Qf3 34.
Rf1 Rc8 35. Ra1 Rxa1 36. Rxa1 Rc2 37. Rf1 Rb2 38. Qxb5 Rxb3 39. Qc5 Rd3 40. d5
Qxd5 41. Qxd5 Rxd5 42. Rb1 b5 43. f4 Kf8 44. Kf2 Ke7 45. Ke3 Kd7 46. Rc1 b4 47.
Rb1 Rb5 48. Rb3 Kc6 49. Kd4 Rd5+ 50. Kc4 Rc5+ 51. Kd4 Kb5 52. Rb1 Rd5+ 53. Ke4
Rd7 54. Ke3 Kc4 55. Rc1+ Kb3 56. Rc8 Kb2 57. Rb8 b3 58. Rb6 Ka2 59. Ra6+ Kb1 60.
Rd6 Ra7 61. Kd2 b2 0-1

[Event "3rd Al Ain Chess Classic"]
[Site "Al-Ain UAE"]
[Date "2014.12.20"]
[Round "2.23"]
[White "Lodhi, Mahmood"]
[Black "Nigalidze, Gaioz"]
[Result "0-1"]
[WhiteTitle "IM"]
[BlackTitle "GM"]
[WhiteElo "2328"]
[BlackElo "2536"]
[WhiteFideId "7800010"]
[BlackFideId "13603078"]
[EventDate "2014.12.19"]

1. d4 Nf6 2. Nf3 e6 3. g3 c5 4. Bg2 cxd4 5. O-O Qc7 6. Nxd4 a6 7. e4 Be7 8. b3
O-O 9. Bb2 d6 10. c4 Nc6 11. Nd2 Nxd4 12. Bxd4 Rb8 13. Qe2 Nd7 14. Ba7 Ra8 15.
Be3 Nc5 16. f4 Rb8 17. b4 Na4 18. Rac1 Bd7 19. Nb3 Rfd8 20. Rc2 Rbc8 21. Rfc1
Qb8 22. a3 b6 23. g4 g6 24. g5 Bf8 25. h4 Bg7 26. h5 Bc6 27. h6 Bh8 28. Nd4 Bd7
29. Qf2 Rf8 30. f5 Be5 31. f6 Bxd4 32. Bxd4 e5 33. Be3 Be6 34. Bf1 Rc6 35. Bd3
Rfc8 36. Qe2 Qb7 37. Kf2 Kf8 38. Kg3 R6c7 39. Bf2 Rc6 40. Be3 Bd7 41. Bf2 R8c7
42. Qd2 Qc8 43. b5 axb5 44. cxb5 Rxc2 45. Rxc2 Nc5 46. Bxc5 Rxc5 47. a4 Ke8 48.
Qf2 Be6 49. Rxc5 dxc5 50. Bf1 Qc7 51. Qd2 c4 52. Qb4 Kd7 53. Qf8 Qd6 54. Qa8 c3
55. a5 c2 56. Qa7+ Kd8 57. Qb8+ Qxb8 0-1

[Event "3rd Al Ain Chess Classic"]
[Site "Al-Ain UAE"]
[Date "2014.12.20"]
[Round "2.24"]
[White "Pourkashiyan, Atousa"]
[Black "Moskalenko, Viktor1"]
[Result "1/2-1/2"]
[WhiteTitle "WGM"]
[BlackTitle "GM"]
[WhiteElo "2312"]
[BlackElo "2528"]
[WhiteFideId "12502014"]
[BlackFideId "14100100"]
[EventDate "2014.12.19"]

1. e4 d6 2. d4 Nf6 3. Nc3 g6 4. f4 Bg7 5. Nf3 O-O 6. Bd3 Nc6 7. O-O e5 8. d5 Ne7
9. fxe5 dxe5 10. Nxe5 c6 11. Bc4 Qd6 12. Nd3 cxd5 13. exd5 Nexd5 14. Nxd5 Nxd5
15. Kh1 Nb6 16. Bf4 Qd4 17. Bb3 Bf5 18. Qf3 Be4 19. Qg3 Bxd3 20. cxd3 Rad8 21.
Rf3 Rd7 22. Raf1 Nd5 23. Qh3 Nxf4 24. Rxf4 Qd6 25. Qf3 Be5 26. Rxf7 Rdxf7 27.
Bxf7+ Kg7 28. d4 Qxd4 29. Qxb7 Kh6 30. Qe7 Bd6 31. Qe2 Qe5 32. Qxe5 Bxe5 33. b3
Rd8 34. g3 Rd2 35. b4 Kg5 36. Be6 h5 37. h4+ Kh6 38. Rf3 Bd6 39. b5 Bc5 40. Bc4
Bd6 41. Kg1 g5 42. hxg5+ Kxg5 43. Be6 Re2 44. Bc4 Rd2 45. Rd3 1/2-1/2

[Event "3rd Al Ain Chess Classic"]
[Site "Al-Ain UAE"]
[Date "2014.12.20"]
[Round "2.25"]
[White "Gasanov, Eldar"]
[Black "Gholami, Aryan"]
[Result "1-0"]
[WhiteTitle "GM"]
[BlackTitle "FM"]
[WhiteElo "2526"]
[BlackElo "2320"]
[WhiteFideId "14104466"]
[BlackFideId "12513342"]
[EventDate "2014.12.19"]

1. c4 Nf6 2. Nc3 c5 3. Nf3 Nc6 4. e3 d5 5. cxd5 Nxd5 6. Bb5 Nxc3 7. bxc3 Bd7 8.
d4 e6 9. O-O Be7 10. Bd3 O-O 11. Rb1 Qc7 12. Qc2 h6 13. e4 Na5 14. Qe2 Ba4 15.
Be3 Rac8 16. d5 c4 17. Bc2 Bxc2 18. Qxc2 exd5 19. Bxa7 dxe4 20. Qxe4 Bc5 21.
Bxc5 Qxc5 22. Rfe1 Qa3 23. Qc2 Rfe8 24. Nd4 Nc6 25. Nxc6 bxc6 26. h4 Red8 27.
Re4 Ra8 28. Rbe1 Qa6 29. h5 c5 30. Re5 Qc6 31. Qf5 Re8 32. Re7 Rxe7 33. Rxe7 Qf6
34. Qe4 Qa6 35. Qd5 Rf8 36. Re2 Rc8 37. Qd7 Rb8 38. Kh2 Rf8 39. Re8 Rxe8 40.
Qxe8+ Kh7 41. Qxf7 Qxa2 42. Qf5+ Kh8 43. Qxc5 Qe2 44. Kg3 Qd3+ 45. Qe3 Qd5 46.
Qf3 Qg5+ 47. Kh3 Qe5 48. g4 Kg8 49. Kg2 Qa5 50. Qe3 Qd5+ 51. f3 Qd7 52. Kf2 Kh8
53. Qd4 Qb5 54. Kg3 Qb8+ 55. Qf4 Qb3 56. Qe5 Kg8 57. Kf4 Kh8 58. Qe8+ Kh7 59.
Qe4+ Kh8 60. Qe5 Qa2 61. Ke3 Qa7+ 62. Ke4 Qf2 63. Qd4 Qe2+ 64. Qe3 Qd1 65. Ke5
Qd3 66. Kf4 Qd6+ 67. Qe5 Qd2+ 68. Kg3 Qd7 69. Qf4 Qc8 70. Qd6 Qe8 71. Kf4 Qe2
72. Qd8+ Kh7 73. Qd4 Kh8 74. Qe3 Qh2+ 75. Kf5 Qc2+ 76. Kf4 Qh2+ 77. Ke4 Qd6 78.
Qd4 Qe6+ 79. Qe5 Qd7 80. Qd5 Qa4 81. Kd4 Qd1+ 82. Kxc4 Qa4+ 83. Kc5 Qa5+ 84. Kd4
Qb6+ 85. Ke4 Qb1+ 86. Qd3 Qb7+ 87. Ke3 Qb6+ 88. Qd4 Qe6+ 89. Kf2 Qa2+ 90. Kg3
Qe2 91. Qe4 Qf1 92. Qe3 Qc4 93. Qe8+ 1-0